अखेरSो आत्मSारित्र (Record no. 318739)

MARC details
000 -LEADER
fixed length control field 00578nam a2200169Ia 4500
008 - FIXED-LENGTH DATA ELEMENTS--GENERAL INFORMATION
fixed length control field 090711s9999 xx 000 0 und d
082 ## - DEWEY DECIMAL CLASSIFICATION NUMBER
Item number 44318
100 ## - MAIN ENTRY--PERSONAL NAME
Personal name बनहट्टी राजेंद्र
245 ## - TITLE STATEMENT
Title अखेरSो आत्मSारित्र
260 ## - PUBLICATION, DISTRIBUTION, ETC. (IMPRINT)
Date of publication, distribution, etc 1982
300 ## - PHYSICAL DESCRIPTION
Extent 100
600 ## - SUBJECT ADDED ENTRY--PERSONAL NAME
Personal name बनहट्टी राजेंद्र
630 ## - SUBJECT ADDED ENTRY--UNIFORM TITLE
Uniform title अखेरSो आत्मSारित्र
700 ## - ADDED ENTRY--PERSONAL NAME
Personal name बनहट्टी राजेंद्र
730 ## - ADDED ENTRY--UNIFORM TITLE
Uniform title अखेरSो आत्मSारित्र
942 ## - ADDED ENTRY ELEMENTS (KOHA)
Koha item type Book
Holdings
Withdrawn status Lost status Damaged status Not for loan Home library Current library Date acquired Cost, normal purchase price Total Checkouts Full call number Barcode Date last seen Cost, replacement price Price effective from Koha item type
        Dadar Sarvajanik Vachanalaya, Dardar Dadar Sarvajanik Vachanalaya, Dardar 07/11/2009 12.00   44318 DASAVA-44318 07/11/2009 12.00 07/11/2009 Book